[Event "Elit(Stockholms SS-Vaxjo)"]
[Site "?"]
[Date "2025.03.09"]
[Round "9"]
[White "Lindberg, Bengt"]
[Black "Cederstam, Carl"]
[Result "0-1"]
[WhiteElo "2343"]
[BlackElo "2301"]
[PlyCount "112"]
[SourceVersionDate "2025.03.29"]

1. e4 e5 2. Nf3 Nc6 3. Bb5 a6 4. Ba4 Nf6 5. O-O Be7 6. Re1 b5 7. Bb3 O-O 8. a4 Bb7 9. d3 d6 10. Nbd2 Nb8 11. c3 Nbd7 12. Bc2 Re8 13. Nf1 Bf8 14. Ng3 h6 15. b4 c6 16. Bb3 Nb6 17. a5 Nbd7 18. Nh4 d5 19. Nhf5 c5 20. exd5 cxb4 21. c4 Nc5 22. Be3 Rc8 23. f3 Qd7 24. Bc2 Kh8 25. Rc1 Na4 26. Qd2 Ng8 27. Bf2 Nc3 28. Bb3 bxc4 29. dxc4 Bc6 30. Ne3 Ba4 31. Bxa4 Nxa4 32. Ng4 f6 33. Ne3 g6 34. Nd1 f5 35. Nb2 Nc5 36. Qd1 e4 37. fxe4 fxe4 38. Bxc5 Bxc5+ 39. Kh1 Nf6 40. Qe2 Kg7 41. Nd1 h5 42. Qb2 e3 43. Nf1 Qa7 44. Re2 Re4 45. Nf2 Bd4 46. Qb1 exf2 47. Rxe4 Nxe4 48. Qxe4 Bf6 49. d6 Qd7 50. c5 b3 51. Qb4 b2 52. Rb1 Kh7 53. Ng3 Re8 54. Ne4 Qf5 55. Nxf6+ Qxf6 56. d7 f1=Q+ 0-1

[Event "Elit(LASK-Rockaden, Stockholm)"]
[Site "?"]
[Date "2025.03.09"]
[Round "9"]
[White "Sorensen, Hampus"]
[Black "Sjodahl, Pontus"]
[Result "1/2-1/2"]
[WhiteElo "2424"]
[BlackElo "2430"]
[PlyCount "42"]
[SourceVersionDate "2025.03.30"]

1. d4 Nf6 2. c4 e6 3. Nc3 Bb4 4. e3 O-O 5. Bd2 Re8 6. Bd3 d5 7. Nf3 c5 8. a3 Bxc3 9. Bxc3 cxd4 10. Bxd4 Nc6 11. Bxf6 Qxf6 12. Qc2 h6 13. O-O dxc4 14. Bxc4 Bd7 15. Rad1 Red8 16. Bd3 Be8 17. Bh7+ Kh8 18. Be4 Kg8 19. Bh7+ Kh8 20. Be4 Kg8 21. Bh7+ Kh8 1/2-1/2

[Event "Elit(Kristallen-Eksjo)"]
[Site "?"]
[Date "2025.03.09"]
[Round "9"]
[White "Ral Lustig, Melvin"]
[Black "Thornert, Hakan"]
[Result "1-0"]
[WhiteElo "2154"]
[BlackElo "2169"]
[PlyCount "69"]
[SourceVersionDate "2025.03.29"]

1. d4 Nf6 2. c4 g6 3. Nc3 d5 4. Nf3 Bg7 5. Qb3 dxc4 6. Qxc4 O-O 7. e4 a6 8. Be2 b5 9. Qb3 c5 10. dxc5 Bb7 11. O-O Nxe4 12. Rd1 Nd7 13. Nxe4 Bxe4 14. Ng5 Bc6 15. Ne6 fxe6 16. Qxe6+ Kh8 17. Qxc6 Ne5 18. Qe4 Qc7 19. Be3 Rad8 20. a4 Nc6 21. axb5 axb5 22. Bxb5 Na7 23. Ba4 Bxb2 24. Rab1 Bf6 25. g3 Nc8 26. Re1 Qa5 27. h4 Bc3 28. Red1 Rxd1+ 29. Rxd1 Rd8 30. Rd7 Bf6 31. h5 Kg7 32. hxg6 hxg6 33. Bd2 Qxd2 34. Rxd2 Rxd2 35. Be8 1-0

[Event "Elit(Stockholms SS-Vaxjo)"]
[Site "?"]
[Date "2025.03.09"]
[Round "9"]
[White "Fahlman, Jakob"]
[Black "Olofsson-Dolk, Mattis"]
[Result "1/2-1/2"]
[WhiteElo "1874"]
[BlackElo "2168"]
[PlyCount "90"]
[SourceVersionDate "2025.03.29"]

1. e4 c5 2. Nf3 d6 3. d4 cxd4 4. Nxd4 Nf6 5. Nc3 a6 6. h3 e5 7. Nf3 Be7 8. Bc4 b5 9. Bd5 Nxd5 10. Nxd5 Bb7 11. O-O Nd7 12. Re1 Nb6 13. Nxe7 Qxe7 14. Be3 Nc4 15. b3 Nxe3 16. Rxe3 O-O 17. Rc1 f5 18. exf5 Rxf5 19. c4 Raf8 20. cxb5 axb5 21. Rc2 Bxf3 22. Rxf3 Rxf3 23. gxf3 Qe6 24. Rc7 Qxh3 25. Qd5+ Kh8 26. Rf7 Rc8 27. Qc6 h6 28. Rc7 Rxc7 29. Qxc7 Qxf3 30. Qxd6 Qg4+ 31. Kf1 Qh3+ 32. Kg1 Qg4+ 33. Kf1 e4 34. Qb8+ Kh7 35. Qxb5 Qd1+ 36. Kg2 Qf3+ 37. Kg1 Qg4+ 38. Kh2 h5 39. Qf1 Qf4+ 40. Kg1 h4 41. Qh3 Qc1+ 42. Kg2 Qg5+ 43. Kf1 Qc1+ 44. Kg2 Qg5+ 45. Kf1 Qc1+ 1/2-1/2

[Event "Elit(LASK-Rockaden, Stockholm)"]
[Site "?"]
[Date "2025.03.09"]
[Round "9"]
[White "Mauritsson, Sebastian"]
[Black "Wiedenkeller, Michael"]
[Result "1/2-1/2"]
[WhiteElo "2391"]
[BlackElo "2380"]
[PlyCount "26"]
[SourceVersionDate "2025.03.30"]

1. e4 e5 2. Nf3 Nc6 3. d4 exd4 4. Nxd4 Nf6 5. Nxc6 bxc6 6. Nd2 d6 7. Bd3 Be7 8. b3 O-O 9. Bb2 Nd7 10. O-O Bf6 11. Bxf6 Qxf6 12. Re1 Ne5 13. Bf1 c5 1/2-1/2

[Event "Elit(Kungstornet-SS 4 Springare)"]
[Site "?"]
[Date "2025.03.09"]
[Round "9"]
[White "Kazakouski, Valery"]
[Black "Lyrberg, Patrik"]
[Result "1-0"]
[WhiteElo "2562"]
[BlackElo "2439"]
[PlyCount "39"]
[SourceVersionDate "2025.03.29"]

1. e4 Nf6 2. e5 Nd5 3. d4 Nb6 4. Nf3 d5 5. exd6 exd6 6. Bd3 Bg4 7. O-O Be7 8. Re1 O-O 9. Nbd2 Bh5 10. Nf1 Bg6 11. Ng3 Nc6 12. c3 Bxd3 13. Qxd3 Re8 14. Bd2 d5 15. Nf5 Nc4 16. Bf4 Qd7 17. b3 Nd6 18. Bxd6 Bxd6 19. Ng5 g6 20. Qh3 1-0

[Event "Elit(Wasa-Limhamn)"]
[Site "?"]
[Date "2025.03.09"]
[Round "9"]
[White "Domingo Nunez, Ruben"]
[Black "Berg, Emanuel"]
[Result "1/2-1/2"]
[WhiteElo "2426"]
[BlackElo "2502"]
[PlyCount "86"]
[SourceVersionDate "2025.03.29"]

1. e4 c5 2. Nf3 e6 3. d4 cxd4 4. Nxd4 a6 5. Bd3 Nf6 6. O-O Qc7 7. Qe2 d6 8. c4 g6 9. Nc3 Bg7 10. Be3 O-O 11. h3 Nbd7 12. Rac1 b6 13. b4 Bb7 14. Nb3 Ne5 15. Bd4 Nc6 16. Bxf6 Bxf6 17. Nd5 exd5 18. cxd5 Qd7 19. dxc6 Bxc6 20. Qf3 Kg7 21. Bc4 Rfe8 22. Bd5 Bxd5 23. exd5 Qa4 24. Rc4 Qxa2 25. Rc6 a5 26. Rxd6 Qb2 27. Rxb6 a4 28. Na5 a3 29. Rxf6 Qxf6 30. Qxa3 Qd4 31. Qb3 Re2 32. Nc6 Qd2 33. b5 Ra2 34. Qg3 Rb2 35. d6 Rxb5 36. d7 Rd5 37. d8=Q Rxd8 38. Nxd8 Qxd8 39. Qc3+ Qf6 40. Qxf6+ Kxf6 41. Ra1 h5 42. h4 Kf5 43. g3 Rb2 1/2-1/2

[Event "Elit(Wasa-Limhamn)"]
[Site "?"]
[Date "2025.03.09"]
[Round "9"]
[White "Amin, Bassem"]
[Black "Jepson, Christian"]
[Result "1/2-1/2"]
[WhiteElo "2648"]
[BlackElo "2404"]
[PlyCount "84"]
[SourceVersionDate "2025.03.29"]

1. e4 d6 2. d4 Nf6 3. Nc3 e5 4. Nge2 Be7 5. h3 O-O 6. g4 exd4 7. Nxd4 d5 8. e5 Nfd7 9. Nxd5 Nxe5 10. Bg2 Bc5 11. O-O c6 12. Nb3 Bd6 13. Ne3 Qc7 14. Nd4 Ng6 15. Nef5 Be5 16. c3 Na6 17. Be3 Nf4 18. Bxf4 Bxf4 19. Re1 Bxf5 20. Nxf5 Rfe8 21. Qa4 g6 22. Nd4 Nc5 23. Qc4 Nd7 24. Rad1 Nf6 25. Nb3 Rxe1+ 26. Rxe1 Re8 27. Rd1 h5 28. gxh5 Nxh5 29. Nc5 Bd6 30. Nxb7 Bh2+ 31. Kh1 Qxb7 32. Kxh2 Qxb2 33. Kg1 Re2 34. Bf3 Rd2 35. Rxd2 Qxd2 36. Bxh5 gxh5 37. Qxc6 Qxa2 38. c4 Qb1+ 39. Kh2 Qf5 40. Qe8+ Kg7 41. Qe3 Kf6 42. Qxa7 Qf4+ 1/2-1/2

[Event "Elit(Kungstornet-SS 4 Springare)"]
[Site "?"]
[Date "2025.03.09"]
[Round "9"]
[White "Peng, Li Min"]
[Black "Aronsson, Marten"]
[Result "1-0"]
[WhiteElo "2518"]
[BlackElo "2313"]
[PlyCount "95"]
[SourceVersionDate "2025.03.29"]

1. c4 c5 2. Nf3 Nc6 3. b3 e5 4. Bb2 d6 5. Nc3 g6 6. g3 Bg7 7. Bg2 Nge7 8. O-O O-O 9. d3 h6 10. Nd5 Nxd5 11. cxd5 Ne7 12. Nd2 Rb8 13. a4 b6 14. Nc4 a6 15. Qd2 Bb7 16. e4 b5 17. axb5 axb5 18. Na5 Qb6 19. b4 f5 20. bxc5 dxc5 21. Rfc1 fxe4 22. dxe4 Ba6 23. d6 Rfd8 24. Ba3 c4 25. Qe3 Rxd6 26. Bxd6 Qxd6 27. Qa7 Rb6 28. Rd1 Qf6 29. Rd8+ Bf8 30. Ra3 Nc8 31. Qc7 Rd6 32. Rxd6 Qxd6 33. Qxd6 Bxd6 34. Ra1 c3 35. Bf1 Bc7 36. Nb3 Bb7 37. Bxb5 Bxe4 38. Rc1 Nd6 39. Be2 Bb6 40. Rxc3 Bb7 41. Nd2 Ba5 42. Rd3 Nf5 43. Nc4 e4 44. Rb3 Ba6 45. Ra3 Nd4 46. Bf1 Nf3+ 47. Kh1 e3 48. Rxa5 1-0

[Event "Elit(Wasa-Limhamn)"]
[Site "?"]
[Date "2025.03.09"]
[Round "9"]
[White "Lindgren, Philip"]
[Black "Meshkovs, Nikita"]
[Result "0-1"]
[WhiteElo "2386"]
[BlackElo "2537"]
[PlyCount "130"]
[SourceVersionDate "2025.03.29"]

1. d4 Nf6 2. c4 e6 3. Nf3 a6 4. Nc3 d5 5. c5 Nc6 6. Bf4 Nh5 7. g3 h6 8. h4 Nxf4 9. gxf4 b6 10. cxb6 Qd6 11. e3 cxb6 12. Bd3 Be7 13. Rg1 Bf6 14. Ne5 h5 15. Rc1 Bd7 16. a3 Ne7 17. Qe2 b5 18. Nb1 b4 19. Rc5 bxa3 20. bxa3 Rc8 21. Rxc8+ Bxc8 22. Kf1 g6 23. Rh1 Kf8 24. Kg2 Kg7 25. Nd2 Bxe5 26. fxe5 Qxa3 27. Nf3 Bd7 28. Bxa6 Rb8 29. Rd1 Ba4 30. Rd2 Rb1 31. Bd3 Ra1 32. Rb2 Bd1 33. Qd2 Bxf3+ 34. Kxf3 Rd1 35. Qxd1 Qxb2 36. Kg3 Ng8 37. Qb1 Qa3 38. Qc2 Nh6 39. Qb1 Qe7 40. Qd1 Qd8 41. Qf3 Qe7 42. Qd1 Qa3 43. Qb1 Ng4 44. Be2 Nxe3 45. fxe3 Qxe3+ 46. Bf3 Qxd4 47. Qe1 Kh7 48. Kg2 Kg7 49. Qg3 Qd2+ 50. Qf2 Qxf2+ 51. Kxf2 f6 52. exf6+ Kxf6 53. Kg3 Kf5 54. Bd1 e5 55. Ba4 g5 56. Bd7+ Kf6 57. Be8 gxh4+ 58. Kxh4 Kf5 59. Bd7+ Kf4 60. Kxh5 e4 61. Kg6 d4 62. Bb5 d3 63. Kf6 d2 64. Be2 Ke3 65. Bh5 Kf2 0-1

[Event "Elit(Kungstornet-SS 4 Springare)"]
[Site "?"]
[Date "2025.03.09"]
[Round "9"]
[White "von Bahr, Oskar"]
[Black "Galperin, Platon"]
[Result "1/2-1/2"]
[WhiteElo "2363"]
[BlackElo "2495"]
[PlyCount "71"]
[SourceVersionDate "2025.03.29"]

1. Nf3 Nf6 2. g3 b6 3. Bg2 Bb7 4. O-O g6 5. c4 Bg7 6. d4 O-O 7. Nc3 Ne4 8. Nxe4 Bxe4 9. Be3 d5 10. cxd5 Qxd5 11. Qd2 Rd8 12. Rfd1 Qb7 13. Qb4 Nc6 14. Qb3 Na5 15. Qb4 Rd7 16. Bh3 e6 17. Ne5 c5 18. Qa4 Rd5 19. f4 Bxe5 20. fxe5 Qa6 21. Bf2 Qxe2 22. Re1 Qf3 23. Rxe4 Qxe4 24. Bg2 Qg4 25. h3 Qf5 26. Bxd5 exd5 27. dxc5 Rc8 28. Re1 Nc4 29. e6 Nd2 30. e7 Nf3+ 31. Kf1 Qd3+ 32. Re2 Nh2+ 33. Ke1 Nf3+ 34. Kf1 Nh2+ 35. Ke1 Nf3+ 36. Kf1 1/2-1/2

[Event "Elit(Wasa-Limhamn)"]
[Site "?"]
[Date "2025.03.09"]
[Round "9"]
[White "Cramling, Pia"]
[Black "Johansson, Linus"]
[Result "0-1"]
[WhiteElo "2416"]
[BlackElo "2404"]
[PlyCount "150"]
[SourceVersionDate "2025.03.30"]

1. d4 Nf6 2. c4 e6 3. Nf3 Bb4+ 4. Nbd2 O-O 5. a3 Be7 6. e4 d6 7. Be2 Nfd7 8. Nb1 e5 9. d5 Nc5 10. Nc3 f5 11. exf5 Bxf5 12. O-O a5 13. Be3 Nba6 14. b3 h6 15. Ra2 Qe8 16. Rb2 Qg6 17. Ne1 Bg5 18. Qd2 Bxe3 19. Qxe3 Ne4 20. Nxe4 Bxe4 21. b4 axb4 22. axb4 Nb8 23. Bd3 Rf4 24. c5 Bxd3 25. Nxd3 Rd4 26. Nxe5 dxe5 27. Qxe5 Qe4 28. Qxc7 Qxd5 29. Qc8+ Kh7 30. h3 Qd7 31. Qf8 Qd8 32. Qf5+ Kh8 33. b5 Nd7 34. c6 bxc6 35. bxc6 Nf6 36. Qf3 Rc4 37. Rb7 Rc8 38. Rd1 Qf8 39. Re1 Ng8 40. Qxf8 Rxf8 41. Re6 Kh7 42. Rd6 Nf6 43. Re7 Rc3 44. c7 Ng8 45. Red7 Rc8 46. h4 R3xc7 47. Rxc7 Rxc7 48. Rd2 Nf6 49. g3 Kg6 50. Kg2 Kf5 51. Ra2 Rd7 52. Ra5+ Rd5 53. Ra7 g6 54. Ra2 Ne4 55. Ra8 Rd2 56. Rf8+ Nf6 57. Ra8 Ng4 58. Rf8+ Ke6 59. Rf4 Ne5 60. Rf8 Ke7 61. Ra8 Nd3 62. Ra7+ Ke6 63. Ra6+ Kf5 64. Ra5+ Ne5 65. Ra8 Rb2 66. Rf8+ Ke6 67. Kg1 Ra2 68. Rf4 g5 69. hxg5 hxg5 70. Rf8 g4 71. Rf4 Rc2 72. Kg2 Kd5 73. Rf5 Rc4 74. Rf8 Nf3 75. Kf1 Re4 0-1

[Event "Elit(Eksjo-Kungstornet)"]
[Site "?"]
[Date "2025.03.08"]
[Round "8"]
[White "Henriksson, Johan"]
[Black "Malesevic, Nedeljko"]
[Result "1/2-1/2"]
[WhiteElo "2291"]
[BlackElo "2219"]
[PlyCount "75"]
[SourceVersionDate "2025.03.26"]

1. d4 d5 2. Nf3 Nf6 3. c4 e6 4. g3 Bb4+ 5. Bd2 Be7 6. Bg2 O-O 7. Qc2 c6 8. O-O Nbd7 9. Rd1 b6 10. Bf4 Bb7 11. Nc3 Rc8 12. Rac1 Nh5 13. Be3 f5 14. cxd5 cxd5 15. Qd2 Bd6 16. Ng5 Qe7 17. Nh3 Nhf6 18. Bg5 h6 19. Bf4 Ne4 20. Nxe4 dxe4 21. Bxd6 Qxd6 22. Qf4 Qd5 23. b3 Ba6 24. Rxc8 Rxc8 25. Qd2 e5 26. f3 Nf6 27. dxe5 Qxe5 28. fxe4 fxe4 29. e3 Bd3 30. Rc1 Rxc1+ 31. Qxc1 Nd5 32. Nf4 Qc3 33. Nxd3 Qxd3 34. Qc8+ Kf7 35. Qd7+ Kf6 36. Qd6+ Kf7 37. Qd7+ Kf6 38. Qd6+ 1/2-1/2

[Event "Elit(Vaxjo-Wasa)"]
[Site "?"]
[Date "2025.03.08"]
[Round "8"]
[White "Cramling, Dan"]
[Black "Rydstrom, Tom"]
[Result "1-0"]
[WhiteElo "2318"]
[BlackElo "2295"]
[PlyCount "39"]
[SourceVersionDate "2025.03.29"]

1. d4 Nf6 2. c4 e6 3. Nc3 Bb4 4. e3 Nc6 5. Qc2 e5 6. d5 Ne7 7. a3 Bxc3+ 8. Qxc3 d6 9. Bd3 O-O 10. Ne2 Ne8 11. f4 exf4 12. exf4 Nf6 13. b3 Re8 14. O-O Bf5 15. Ng3 Qd7 16. Bb2 Bxd3 17. Qxd3 Ng4 18. h3 Nh6 19. Bxg7 Nef5 20. Bxh6 1-0

[Event "Elit(Rockaden, Stockholm-Limhamn)"]
[Site "?"]
[Date "2025.03.08"]
[Round "8"]
[White "Johansson, Linus"]
[Black "Blomqvist, Erik"]
[Result "1/2-1/2"]
[WhiteElo "2404"]
[BlackElo "2481"]
[PlyCount "143"]
[SourceVersionDate "2025.03.29"]

1. d4 Nf6 2. c4 e6 3. Nc3 Bb4 4. e3 e5 5. Nge2 exd4 6. exd4 d5 7. a3 Be7 8. Nf4 dxc4 9. Bxc4 O-O 10. O-O Nc6 11. Be3 Bd6 12. h3 Bxf4 13. Bxf4 Nxd4 14. Bxc7 Qxc7 15. Qxd4 Bd7 16. Nd5 Nxd5 17. Bxd5 Rfd8 18. Qe4 Bc6 19. Bxc6 Qxc6 20. Qxc6 bxc6 21. Rfc1 Rd6 22. Rc5 a5 23. Rac1 Ra6 24. g4 g6 25. Kg2 Kg7 26. R1c3 h6 27. Rb3 Rd7 28. Rb8 a4 29. Rc4 Re7 30. Rc8 Rb6 31. Rxa4 Rxb2 32. Rxc6 Ra2 33. Rc3 Rb7 34. h4 Rd7 35. Rg3 Rdd2 36. Rf3 Rd7 37. Rff4 Rc7 38. Ra6 Rd7 39. Ra5 Rc7 40. h5 gxh5 41. gxh5 Rac2 42. Rb5 Ra7 43. Rg4+ Kh7 44. Rb3 Rc5 45. Rbg3 Rg5 46. a4 Raa5 47. Rf4 Kg7 48. Rb4 Kh7 49. Rb7 Kg7 50. Rb4 Kh7 51. f4 Rxg3+ 52. Kxg3 Rxh5 53. Rb5 Rh1 54. Kg4 Ra1 55. a5 Ra4 56. Kf5 Kg7 57. Ke5 h5 58. Kd6 h4 59. Kc7 Rxf4 60. a6 Ra4 61. Kb7 Kg6 62. a7 f6 63. Kb6 Rxa7 64. Kxa7 f5 65. Kb6 Kg5 66. Kc5 h3 67. Kd4 h2 68. Rb1 Kf4 69. Rh1 Kg3 70. Ke5 Kg2 71. Rxh2+ Kxh2 72. Kxf5 1/2-1/2

[Event "Elit(Eksjo-Kungstornet)"]
[Site "?"]
[Date "2025.03.08"]
[Round "8"]
[White "Vernersson, Per"]
[Black "Jonsson, Mikael"]
[Result "1/2-1/2"]
[WhiteElo "2262"]
[BlackElo "2199"]
[PlyCount "58"]
[SourceVersionDate "2025.03.26"]

1. Nf3 d5 2. d4 Nf6 3. c4 c6 4. Nc3 dxc4 5. a4 Bf5 6. Ne5 Nbd7 7. Nxc4 Nb6 8. Ne5 a5 9. f3 Nfd7 10. Nxd7 Bxd7 11. Bf4 Nd5 12. Nxd5 cxd5 13. Qb3 Bc6 14. e3 e6 15. Bd3 Bb4+ 16. Kf2 O-O 17. Qc2 h6 18. Rhc1 Rc8 19. Qe2 Qe7 20. Kg1 Bd7 21. Qd1 f6 22. Bg3 e5 23. Qb3 exd4 24. Rxc8 Rxc8 25. e4 Kh8 26. Qxd5 Be6 27. Qb5 Rc5 28. Qb6 Rc6 29. Qb5 Rc5 1/2-1/2

[Event "Elit(Vaxjo-Wasa)"]
[Site "?"]
[Date "2025.03.08"]
[Round "8"]
[White "Lindberg, Bengt"]
[Black "Wedberg, Tom"]
[Result "1/2-1/2"]
[WhiteElo "2343"]
[BlackElo "2344"]
[PlyCount "44"]
[SourceVersionDate "2025.03.29"]

1. e4 e5 2. Nf3 Nc6 3. Bb5 a6 4. Ba4 Nge7 5. c3 g6 6. d4 exd4 7. cxd4 b5 8. Bb3 Bg7 9. O-O O-O 10. d5 Na5 11. Bd2 c5 12. Bc3 d6 13. h3 f6 14. Bxa5 Qxa5 15. Nc3 Kh8 16. a4 b4 17. Ne2 Bh6 18. Nd2 Qc7 19. Nc4 a5 20. f4 Ba6 21. Rf3 Rae8 22. Ng3 Nc8 1/2-1/2

[Event "Elit(Rockaden, Stockholm-Limhamn)"]
[Site "?"]
[Date "2025.03.08"]
[Round "8"]
[White "Sorensen, Hampus"]
[Black "Schneider, Stefan"]
[Result "1-0"]
[WhiteElo "2424"]
[BlackElo "2379"]
[PlyCount "63"]
[SourceVersionDate "2025.03.29"]

1. d4 Nf6 2. Bf4 e6 3. e3 c5 4. Nf3 b6 5. Nc3 d5 6. Nb5 Na6 7. c3 Be7 8. h3 O-O 9. a4 Bb7 10. Bd3 Ne8 11. h4 Nf6 12. g4 Ne4 13. g5 c4 14. Bc2 Bc6 15. Ne5 Qe8 16. f3 Nd6 17. Nxd6 Bxd6 18. Qe2 Rd8 19. h5 Bxe5 20. Bxe5 f6 21. gxf6 gxf6 22. Rg1+ Kh8 23. Qh2 Qe7 24. h6 Rf7 25. Rg7 Rd7 26. Rxf7 Qxf7 27. Kf2 Rd8 28. Rg1 Rg8 29. Rg7 Rxg7 30. hxg7+ Kxg7 31. Qxh7+ Kf8 32. Bd6+ 1-0

[Event "Elit(Eksjo-Kungstornet)"]
[Site "?"]
[Date "2025.03.08"]
[Round "8"]
[White "Andersson, Fredrik"]
[Black "Thornert, Hakan"]
[Result "1/2-1/2"]
[WhiteElo "2241"]
[BlackElo "2169"]
[PlyCount "102"]
[SourceVersionDate "2025.03.26"]

1. e4 c5 2. Nf3 d6 3. d4 cxd4 4. Nxd4 Nf6 5. Nc3 g6 6. Be3 Bg7 7. f3 Nc6 8. Qd2 O-O 9. Bc4 Bd7 10. Bb3 Nxd4 11. Bxd4 b5 12. a4 bxa4 13. Bxa4 Qb8 14. O-O Bxa4 15. Rxa4 Rc8 16. Ne2 Nd7 17. b3 Nc5 18. Ra2 Ne6 19. Bxg7 Kxg7 20. Qe3 Rc6 21. Rfa1 a6 22. h4 Qc7 23. c4 Qb6 24. Kf2 Qxe3+ 25. Kxe3 Rb6 26. Ra3 Nc5 27. Nc1 Rab8 28. Rb1 a5 29. Rxa5 Nxb3 30. Nxb3 Rxb3+ 31. Rxb3 Rxb3+ 32. Kf4 Rc3 33. Ra4 Kf6 34. g4 e5+ 35. Kg3 h6 36. Rb4 Ke6 37. Kf2 f5 38. gxf5+ gxf5 39. exf5+ Kxf5 40. Rb6 Ke6 41. Rb4 h5 42. Ra4 Rc2+ 43. Kg3 Rd2 44. Ra8 Rc2 45. Rh8 Rxc4 46. Rxh5 d5 47. Rh8 d4 48. h5 Kf6 49. h6 Kg6 50. Re8 Kxh6 51. Rxe5 Kg6 1/2-1/2

[Event "Elit(Vaxjo-Wasa)"]
[Site "?"]
[Date "2025.03.08"]
[Round "8"]
[White "Bellon Lopez, Juan"]
[Black "Olofsson-Dolk, Mattis"]
[Result "0-1"]
[WhiteElo "2168"]
[BlackElo "2278"]
[PlyCount "92"]
[SourceVersionDate "2025.03.29"]

1. e4 e5 2. Nf3 Nc6 3. Nc3 Nf6 4. a3 d6 5. Bb5 Be7 6. d4 exd4 7. Nxd4 Bd7 8. Nxc6 Bxc6 9. Bxc6+ bxc6 10. O-O O-O 11. Qd3 Nd7 12. Qa6 Nb6 13. a4 Qc8 14. Qe2 Bf6 15. a5 Nd7 16. Ra3 Rb8 17. Nd1 Re8 18. Rh3 Rb5 19. Bd2 Nf8 20. f4 Qf5 21. Re1 Qc5+ 22. Kh1 Qxc2 23. Qe3 Qc5 24. b4 Qxe3 25. Rhxe3 Ne6 26. Rd3 Kf8 27. Nf2 Bd4 28. Rf1 c5 29. f5 Nd8 30. bxc5 Bxf2 31. cxd6 cxd6 32. Rxd6 Nb7 33. Rd5 Rxd5 34. exd5 Re2 35. Bb4+ Bc5 36. a6 Bxb4 37. axb7 Re8 38. Rc1 Bd6 39. g4 Rb8 40. f6 gxf6 41. Rb1 Ke7 42. Kg2 Kd7 43. Kf3 Kc7 44. Ke4 Rxb7 45. Rc1+ Kd7 46. Kf5 Rb4 0-1

[Event "Elit(Rockaden, Stockholm-Limhamn)"]
[Site "?"]
[Date "2025.03.08"]
[Round "8"]
[White "Hogeman, Joel"]
[Black "Wiedenkeller, Michael"]
[Result "0-1"]
[WhiteElo "2227"]
[BlackElo "2380"]
[PlyCount "55"]
[SourceVersionDate "2025.03.29"]

1. e4 e5 2. Nf3 Nc6 3. Nc3 Nf6 4. Bb5 Bb4 5. O-O O-O 6. Bxc6 dxc6 7. d3 Nd7 8. Ne2 Bd6 9. Be3 c5 10. Nd2 Nb8 11. f4 exf4 12. Nxf4 Nc6 13. Qh5 Ne5 14. h3 c6 15. g4 Qe7 16. Ng2 Bd7 17. a4 b6 18. a5 b5 19. b3 a6 20. Qh4 f6 21. Kh1 g5 22. Qe1 Qg7 23. Rf5 h5 24. gxh5 Qh7 25. h4 Bxf5 26. exf5 Qxf5 27. Qg3 Nf7 28. Rf1 0-1

[Event "Elit(Eksjo-Kungstornet)"]
[Site "?"]
[Date "2025.03.08"]
[Round "8"]
[White "Krantz, Christopher"]
[Black "Aroven, Mikael"]
[Result "1/2-1/2"]
[WhiteElo "2219"]
[BlackElo "2125"]
[PlyCount "117"]
[SourceVersionDate "2025.03.26"]

1. Nf3 Nf6 2. b3 c5 3. e3 Nc6 4. Bb2 a6 5. Be2 d5 6. d4 cxd4 7. Nxd4 Nxd4 8. Bxd4 Bf5 9. O-O Qd6 10. Nd2 e5 11. Bb2 Qc7 12. c4 Rd8 13. Nf3 Bd6 14. c5 Bxc5 15. Bxe5 Qe7 16. Rc1 Bd6 17. Bxd6 Qxd6 18. Nd4 Be4 19. Bf3 O-O 20. Bxe4 dxe4 21. h3 g6 22. Qc2 Rfe8 23. Qc5 Re7 24. a3 Nd5 25. Qxd6 Rxd6 26. g3 h5 27. h4 Nf6 28. Rc8+ Kg7 29. Rfc1 Rdd7 30. b4 Nd5 31. Kf1 Rc7 32. Ke2 Kf6 33. Kd2 Ke5 34. R1xc7 Rxc7 35. Rxc7 Nxc7 36. Nb3 Kd5 37. Kc3 Nb5+ 38. Kb2 b6 39. a4 Nd6 40. Kc3 Nc4 41. Nd4 Ne5 42. Ne2 Nd3 43. a5 bxa5 44. bxa5 Nxf2 45. Nc1 Ng4 46. Na2 Kc5 47. Nb4 Kb5 48. Nd5 Kc5 49. Nb4 Nxe3 50. Nxa6+ Kb5 51. Nc7+ Kc6 52. Ne8 Nf5 53. Nf6 e3 54. g4 hxg4 55. Nxg4 Kb5 56. Ne5 Nxh4 57. Nxf7 Kxa5 58. Kd3 Nf5 59. Ne5 1/2-1/2

[Event "Elit(Vaxjo-Wasa)"]
[Site "?"]
[Date "2025.03.08"]
[Round "8"]
[White "Sevastianov, Andrii"]
[Black "Ostlund, Joar"]
[Result "0-1"]
[WhiteElo "2147"]
[BlackElo "2324"]
[PlyCount "72"]
[SourceVersionDate "2025.03.29"]

1. e4 c5 2. Nf3 Nc6 3. Bb5 e6 4. O-O Nge7 5. d4 cxd4 6. Nxd4 Ng6 7. Be3 Be7 8. c3 O-O 9. Nd2 Nxd4 10. cxd4 d5 11. e5 Bd7 12. Bd3 Be8 13. f4 f6 14. Nf3 Qb6 15. Rf2 Rc8 16. Rc1 Rc6 17. a3 fxe5 18. fxe5 Nf4 19. Bxf4 Rxf4 20. Qd2 Rf8 21. h3 Bh5 22. Rxc6 bxc6 23. g4 Be8 24. b4 a5 25. bxa5 Qa7 26. a4 c5 27. Bb5 Bg6 28. Ng5 Rxf2 29. Kxf2 cxd4 30. Nxe6 Bh4+ 31. Kg2 Be4+ 32. Kh2 Qe7 33. Qxd4 Qxe6 34. a6 Qf7 35. Qe3 Bg5 36. a7 Bf4+ 0-1

[Event "Elit(Rockaden, Stockholm-Limhamn)"]
[Site "?"]
[Date "2025.03.08"]
[Round "8"]
[White "Barkhagen, Jonas"]
[Black "Ziegler, Ari"]
[Result "1-0"]
[WhiteElo "2411"]
[BlackElo "2297"]
[PlyCount "97"]
[SourceVersionDate "2025.03.29"]

1. d4 Nf6 2. c4 g6 3. Nc3 Bg7 4. e4 d6 5. Be2 O-O 6. Nf3 Bg4 7. Be3 Nfd7 8. Ng1 Bxe2 9. Ngxe2 e5 10. O-O exd4 11. Bxd4 Ne5 12. b3 Nbc6 13. Be3 Ng4 14. Bf4 Re8 15. f3 Nge5 16. Qd2 a5 17. Rac1 Nb4 18. Rcd1 Nbc6 19. Bg5 f6 20. Be3 Qe7 21. Nd5 Qf7 22. h3 Rac8 23. Nec3 f5 24. Nb5 Nb4 25. Nxb4 axb4 26. Qxb4 fxe4 27. fxe4 Qe7 28. Qd2 Nf7 29. Nc3 Bxc3 30. Qxc3 Qxe4 31. Rde1 Qh4 32. c5 Re4 33. Bf2 Qe7 34. cxd6 Nxd6 35. Rxe4 Qxe4 36. Re1 Qd5 37. Re5 Ne4 38. Qa1 Qd3 39. Re7 Qc3 40. Bd4 Qxa1+ 41. Bxa1 Nd6 42. Rg7+ Kf8 43. Rxh7 Nf7 44. Rh4 Ra8 45. a4 b5 46. Bc3 bxa4 47. bxa4 c5 48. a5 Ra6 49. Rc4 1-0

[Event "Elit(Stockholms SS-Kristallen)"]
[Site "?"]
[Date "2025.03.08"]
[Round "8"]
[White "van Hengel, Hugo"]
[Black "Sipila, Vilka"]
[Result "0-1"]
[WhiteElo "2242"]
[BlackElo "2445"]
[PlyCount "166"]
[SourceVersionDate "2025.03.26"]

1. e4 c6 2. d4 d5 3. e5 Bf5 4. Nf3 e6 5. Be2 Ne7 6. O-O h6 7. Nbd2 Nd7 8. Nb3 g5 9. a4 Bg7 10. Ne1 c5 11. c3 Qc7 12. Be3 Bg6 13. f3 Nf5 14. Bf2 h5 15. g4 Ne7 16. Bg3 a6 17. a5 Nc6 18. Ng2 c4 19. Nd2 h4 20. Bf2 h3 21. Ne3 Nxa5 22. Bg3 Nc6 23. b3 b5 24. bxc4 bxc4 25. f4 gxf4 26. Bxf4 Qa7 27. Kh1 a5 28. Bf3 Bd3 29. Nxd5 exd5 30. Bxd5 Bxf1 31. Qxf1 Ne7 32. Bxc4 Qb7+ 33. Kg1 Ng6 34. Bg3 Qg2+ 35. Qxg2 hxg2 36. Ne4 Ngxe5 37. dxe5 Bxe5 38. Kxg2 Bxg3 39. Kxg3 Ne5 40. Bd5 Ra6 41. g5 Kf8 42. c4 Kg7 43. c5 a4 44. Bb7 Ra5 45. c6 Rb5 46. Rxa4 Rb3+ 47. Kg2 Rb2+ 48. Kg3 Rb3+ 49. Kg2 Ng4 50. Ra1 Rxh2+ 51. Kg1 Rbb2 52. Nf2 Rhxf2 53. c7 Rfc2 54. c8=Q Rxc8 55. Bxc8 Ne5 56. Ra5 Nf3+ 57. Kf1 Kg6 58. Bf5+ Kh5 59. g6 fxg6 60. Be4+ Ng5 61. Bd3 Rd2 62. Be2+ Kh6 63. Ra6 Ne4 64. Ke1 Rd4 65. Rc6 Ng3 66. Bd1 Nf5 67. Bc2 Nh4 68. Kf2 Kh5 69. Re6 g5 70. Be4 Kg4 71. Bb7 Kf4 72. Rf6+ Ke5 73. Rf7 Rd8 74. Kg3 Nf5+ 75. Kg2 g4 76. Bc6 Rd2+ 77. Kg1 g3 78. Rd7 Rc2 79. Bb7 Ne3 80. Bf3 Rc1+ 81. Bd1 Rxd1+ 82. Rxd1 Nxd1 83. Kg2 Kf4 0-1

[Event "Elit(SS 4 Springare-LASK)"]
[Site "?"]
[Date "2025.03.08"]
[Round "8"]
[White "Wagner, Dennis"]
[Black "Kazakouski, Valery"]
[Result "1/2-1/2"]
[WhiteElo "2614"]
[BlackElo "2562"]
[PlyCount "87"]
[SourceVersionDate "2025.03.29"]

1. d4 d5 2. c4 e6 3. Nf3 Nf6 4. Nc3 Be7 5. Bf4 O-O 6. e3 Nbd7 7. c5 c6 8. Bd3 b6 9. b4 a5 10. a3 Ba6 11. O-O Qc8 12. Re1 Bxd3 13. Qxd3 Qb7 14. Rab1 axb4 15. axb4 Ra3 16. Qc2 Rfa8 17. h3 h6 18. Rec1 R3a7 19. Qd1 b5 20. Nd2 Bd8 21. Ra1 g5 22. Bg3 Bc7 23. Rxa7 Rxa7 24. Bxc7 Qxc7 25. Ra1 Kg7 26. Nb3 Ng8 27. Ne2 Ne7 28. Na5 Nf6 29. Nc1 Ng6 30. Nd3 Nd7 31. Ra3 f6 32. Qg4 e5 33. e4 h5 34. Qf3 dxe4 35. Qxe4 exd4 36. Qxd4 Nde5 37. Nxe5 Qxe5 38. Qd1 Qe6 39. Re3 Rd7 40. Rxe6 Rxd1+ 41. Kh2 Ne5 42. Nxc6 Nxc6 43. Rxc6 Rd4 44. Rb6 1/2-1/2